00198nam a2200073Ia 4500008004100000100000900041245003700050260003700087190216s9999||||xx |||||||||||||| ||und|| aNull 0aHindi-Nargesh Chinthamana Gelkar bKerala Sasthra Sahithya Parishad